Gazetteer of the Gurgaon district : (Record no. 330691)

000 -LEADER
fixed length control field 00936cam a2200289 a 4500
001 - CONTROL NUMBER
control field 12818715
003 - CONTROL NUMBER IDENTIFIER
control field NUST
005 - DATE AND TIME OF LATEST TRANSACTION
control field 20180116123942.0
008 - FIXED-LENGTH DATA ELEMENTS--GENERAL INFORMATION
fixed length control field 010522r20011884pk b 000 0 eng
010 ## - LIBRARY OF CONGRESS CONTROL NUMBER
LC control number 2001310276
020 ## - INTERNATIONAL STANDARD BOOK NUMBER
International Standard Book Number 9693511263
025 ## - OVERSEAS ACQUISITION NUMBER
Overseas acquisition number P-E-2001310276; 09
035 ## - SYSTEM CONTROL NUMBER
System control number (DLC) 2001310276
040 ## - CATALOGING SOURCE
Original cataloging agency DLC
Transcribing agency DLC
042 ## - AUTHENTICATION CODE
Authentication code lcode
043 ## - GEOGRAPHIC AREA CODE
Geographic area code a-ii---
050 00 - LIBRARY OF CONGRESS CALL NUMBER
Classification number DS485
Item number .G39 2001
082 ## - DEWEY DECIMAL CLASSIFICATION NUMBER
Classification number 954.56
Author Mark GAZ
245 00 - TITLE STATEMENT
Title Gazetteer of the Gurgaon district :
Remainder of title 1883-84.
260 ## - PUBLICATION, DISTRIBUTION, ETC.
Place of publication, distribution, etc. Lahore :
Name of publisher, distributor, etc. Sang-e-Meel Publications,
Date of publication, distribution, etc. 2001.
300 ## - PHYSICAL DESCRIPTION
Extent v, 150, xxvi p. ;
Dimensions 25 cm.
500 ## - GENERAL NOTE
General note Originally published : Lahore : Arya Press, 1884.
504 ## - BIBLIOGRAPHY, ETC. NOTE
Bibliography, etc. note Includes bibliographical references.
651 #0 - SUBJECT ADDED ENTRY--GEOGRAPHIC NAME
Geographic name Gurgaon (India : District)
9 (RLIN) 1340
906 ## - LOCAL DATA ELEMENT F, LDF (RLIN)
a 7
b cbc
c origode
d 3
e ncip
f 20
g y-gencatlg
942 ## - ADDED ENTRY ELEMENTS (KOHA)
Source of classification or shelving scheme
Koha item type Book
Holdings
Withdrawn status Lost status Source of classification or shelving scheme Damaged status Not for loan Collection code Permanent Location Current Location Shelving location Date acquired Total Checkouts Full call number Barcode Date last seen Copy number Price effective from Koha item type
            Central Library (CL) Central Library (CL) Book Cart 07/31/2017   954.56 GAZ CL2910 07/31/2017 1 07/31/2017 Book
© 2023 Central Library, National University of Sciences and Technology. All Rights Reserved.